| 000 | 01419nam a2200433 i 4500 | ||
|---|---|---|---|
| 001 | 1422 | ||
| 003 | KOSZ 005 | ||
| 005 | 20221012125010.0 | ||
| 008 | 001127s1978 pl a f f |000 0 pol | ||
| 015 | _aPB 1979/8972 | ||
| 035 | _a(OCoLC)750717723 | ||
| 040 |
_aWA N _cWA N _dKOSZ 005/EC _dKOSZ 005/HR |
||
| 041 | 0 | _apol | |
| 046 | _k1978 | ||
| 080 | _a666.3/.7 | ||
| 080 | _a(075.3) | ||
| 100 | 1 |
_aRospond, Marian _eAutor |
|
| 245 | 1 | 0 |
_aMaszyny i urządzenia przemysłu ceramicznego / _cMarian Rospond. |
| 260 |
_aWarszawa : _bWydawnictwa Szkolne i Pedagogiczne, _c1978. |
||
| 300 |
_a251, [1] s. : _bil., tab. ; _c25 cm. |
||
| 336 |
_2rdacontent _aTekst _btxt |
||
| 337 |
_2rdamedia _aBez urządzenia pośredniczącego _bn |
||
| 338 |
_2rdacarrier _aWolumin _bnc |
||
| 380 | _aKsiążki | ||
| 388 | _a1901-2000 | ||
| 388 | _a1945-1989 | ||
| 490 | 1 | _aMaszyny i Urządzenia. | |
| 504 | _aBibliogr. s. 251-[252]. | ||
| 521 | 8 | _aDla kl. V tech. zaw. | |
| 650 | 4 | _aCeramika | |
| 650 | 4 | _aNarzędzia i maszyny | |
| 650 | 4 | _aTechnologia | |
| 655 | 4 | _aPodręczniki dla szkół zawodowych | |
| 658 | _aInżynieria i technika | ||
| 710 | 2 |
_aWydawnictwa Szkolne i Pedagogiczne _4pbl. |
|
| 830 | 0 | _aMaszyny i Urządzenia | |
| 856 |
_uhttp://koha.tu.koszalin.pl/cgi-bin/koha/opac-detail.pl?biblionumber=1422 _yKatalog online BPK |
||
| 942 |
_2UKD _cKS |
||
| 999 |
_c1422 _d1422 |
||